| 000 | 00460nam a2200169Ia 4500 | ||
|---|---|---|---|
| 005 | 20240823043747.0 | ||
| 008 | 240823s9999||||xx |||||||||||||| ||und|| | ||
| 041 | _aENGLISH | ||
| 082 | _A629.13252 | ||
| 100 | _aAcharya A R et al. | ||
| 245 | 0 | _aProceedings of the Technical Sessions 48th Annual General Meeting | |
| 250 | _a1st | ||
| 260 |
_c1997 _bThe Aeronautical Society of |
||
| 500 | _aTRANSFERED | ||
| 650 |
_aProceedings _bGeneral |
||
| 942 | _cBK | ||
| 999 |
_c210973 _d210973 |
||